000 00523nam a2200169Ia 4500
008 090201s9999 xx 000 0 und d
010 _aKPL-32681
040 _bमराठी
041 _aमराठी
082 _a36991
_b32681
100 _aवि द संत
245 _aश्री समर्थ रामदास
_cवि द संत
260 _c2004
_bवि.रा.पानसे
300 _a132
_bमोठा
600 _aश्री समर्थ रामदास
942 _cBOOK
999 _c234874
_d234874